Statistiques concernant Les Annales du Disque-Monde

Cliquez ici pour prendre le quiz!

Statistiques générales

  • Ce quiz a été pris 18 fois
  • Le résultat moyen est 28 sur 40

Statistiques - réponses

Année de parutionTitre% Correct
1983La Huitième Couleur
93%
1987La Huitième Fille
93%
1987Mortimer
93%
1988Trois Soeurcières
93%
1989Au Guet !
87%
1990Eric
87%
1986Le Huitième Sortilège
87%
1988Sourcellerie
87%
1992Les Petits Dieux
80%
1991Les Zinzins d'Olive-Oued
80%
1996Masquarade
80%
1996Pieds d'Argile
80%
1998Carpe Jugulum
73%
1991Le Faucheur
73%
1993Nobliaux et Sorcières
73%
1989Pyramides
73%
2004Timbré
73%
1994Accros du Roc
67%
2009Allez les Mages !
67%
2013Déraillé
67%
1994Le Guet des Orfèvres
67%
1996Le Père Porcher
67%
2003Le Régiment Monstrueux
67%
2006L'Hiverrier
67%
1992Mécomptes de Fées
67%
2007Monnayé
67%
2001Procrastination
67%
1997Va-t-en Guerre
67%
2011Coup de Tabac
60%
2000La Vérité
60%
1999Le Cinquième Éléphant
60%
1998Le Dernier Continent
60%
2001Le Fabuleux Maurice et ses Rongeurs Savants
60%
1995Les Tribulations d'un Mage en Aurient
60%
2001Le Dernier Héros
53%
2004Un Chapeau de CIel
53%
2010Je m'habillerai de Nuit
47%
2005Jeu de Nains
47%
2002Ronde de Nuit
47%
2003Les Ch'tits Hommes Libres
40%

Distribution des résultats

Percentile par nombre de réponses

% des personnes avec chaque résultat

Votre développement - résultats

Vous n’avez pas pris ce quiz